Food chemistry: a laboratory manual

Wedi'i Gadw mewn:
Manylion Llyfryddiaeth
Prif Awdur: Miller, Dennis D. (autor)
Fformat: Llyfr
Iaith:Saesneg
Cyhoeddwyd: Nueva York John Wiley 1998
Pynciau:
Tagiau: Ychwanegu Tag
Dim Tagiau, Byddwch y cyntaf i dagio'r cofnod hwn!

MARC

LEADER 00000nam a2200000 a 4500
001 UCN7846
003 CL-VaPUC
008 011026e19980000US |||||||||||||||||eng|d
082 0 4 |a 664.07  |b MIL  |2 21 
100 |a Miller, Dennis D.  |e autor  |9 475389 
245 1 0 |a Food chemistry: a laboratory manual 
300 |a 153 p 
942 |c BK 
945 |d 20011026 00:00:00  |a cmena 
260 |a Nueva York  |b John Wiley  |c 1998 
650 0 |a Alimentos   |x Composición química   |9 460309 
650 0 |a Análisis de alimentos  |9 361130 
583 |a last modification  |c 20011026 00:00:00  |k Rodrigo Vera 
999 |c 298039  |d 298037 
952 |0 0  |1 0  |4 0  |6 664_070000000000000_MIL_1998  |7 0  |8 A  |9 353367  |a BIBALI  |b BIBALI  |c REF  |d 2019-11-21  |i 3767957  |o 664.07 MIL 1998  |p 3767957  |r 2025-01-20  |w 2019-11-21  |y BK_F  |k ALI